000 00255nam a2200109Ia 4500
008 190913s9999||||xx |||||||||||||| ||und||
100 _aGeddes and Grosset
245 0 _aGerman Verbs
260 _aNew Delhi
_bMcGraw Hill
_c2000
300 _a975
942 _cBK
999 _c8355
_d8355